000
00325nam a2200133Ia 4500
008
150301s2015 xx 000 0 und d
082
_a
615.4
_b
H14N
100
_a
PRATIBHA NAND
245
_a
TEXBOOK OF HOSPITAL & CLINACAL PHARMACY
260
_b
BIRLA PUBLISHER
300
_a
528
650
_a
PHARMACY
942
_2
ddc
_c
BK
_0
15
999
_c
7056
_d
7056